[Event "Match"]
[Site "www.echecsemail.com"]
[Date "2016.08.12"]
[Round "1"]
[White "Janerol"]
[Black "Al3x"]
[WhiteElo "1529"]
[BlackElo "1499"]
[Result "0-1"]
[Round "1"]
1.e4 c5
2.Bf1c4 Nb8c6
3.Bc4b5 a6
4.Bb5xc6 bxc6
5.Nb1c3 d6
6.h3 Ng8f6
7.d3 e6
8.Bc1g5 Bf8e7
9.Bg5xf6 Be7xf6
10.Nc3a4 Qd8a5
11.Na4c3 Bf6xc3
12.Kf1 Bc3xb2
13.Ra1b1 Bb2d4
14.Ng1f3 O-O
15.Qd1d2 Qa5xd2
16.Nf3xd2 Ra8a7
17.Nd2c4 d5
18.Nc4b6 Ra7b7
19.Rb1b3 c4
20.Rb3b4 Rb7xb6
21.Rb4xb6 Bd4xb6
22.Ke2 cxd3
23.cxd3 Bc8d7
24.Rh1b1 Rf8b8
25.exd5 cxd5
26.g4 Bb6c7
27.Rb1g1 Rb8b2
28.Kf3 g5
29.a3 Bc7b6
30.a4 Rb2xf2
31.Kg3 Rf2f3
32.Kxf3 Bb6xg1
33.a5 Bg1c5
34.Ke2 Bc5b4
35.d4 Bb4xa5
36.Kf3 Ba5b6
37.Kg3 Bb6xd4
38.Kf3 a5
39.Ke2 a4
40.Kd3 a3
41.Kxd4 a2
42.Ke5 a1Q
43.Kd6 Qa1a4
44.Ke7 Bd7c8
45.Kf6 Qa4f4
46.Ke7 d4
47.Kd8 Qf4d6
48.Kxc8 d3
{ resign }
0-1

[Event "1/8 Finale"]
[Site "www.chess-mail.com"]
[Date "2016.08.12"]
[Round "1"]
[White "Nimzo"]
[Black "Conde7"]
[WhiteElo "2840"]
[BlackElo "2840"]
[Result "0-1"]
[Round "1"]
1.Ng1f3 Ng8f6
2.c4 e6
3.Nb1c3 Bf8b4
4.Qd1c2 O-O
5.a3 Bb4xc3
6.Qc2xc3 d6
7.g3 e5
8.Bf1g2 a5
9.b4 Bc8g4
10.Bc1b2 Rf8e8
11.h3 axb4
12.axb4 Ra8xa1
13.Bb2xa1 Bg4e6
14.d3 b5
15.O-O h6
16.Nf3d2 bxc4
17.dxc4 Nb8d7
18.f4 { time. }
0-1

[Event "Eq:Equipo Juan Diaz-Team USA : "]
[Site "www.chess-mail.com"]
[Date "2016.08.12"]
[Round "1"]
[White "Naujzaid"]
[Black "Gatrooper"]
[WhiteElo "2110"]
[BlackElo "1730"]
[Result "1-0"]
[Round "1"]
1.d4 d5
2.c4 dxc4
3.Ng1f3 e6
4.e3 c3
5.Nb1xc3 Ng8f6
6.Bf1d3 Nb8c6
7.O-O a6
8.e4 Bf8b4
9.e5 Bb4xc3
10.bxc3 h6
11.exf6 Qd8xf6
12.Bc1a3 Bc8d7
13.Qd1e2 O-O-O
14.Bd3xa6 Nc6b8
15.Ba6d3 h5
16.Ra1b1 Bd7c6
17.Bd3e4 Bc6xe4
18.Qe2xe4 b6
19.Nf3e5 h4
20.h3 Rh8e8
21.Qe4a8 Qf6f5
22.Ne5c6 Rd8d7
23.Qa8xb8 { resign }
1-0

[Event "Fast Game"]
[Site "www.echecsemail.com"]
[Date "2016.08.12"]
[Round "1"]
[White "Pellix84"]
[Black "Hennie4820"]
[WhiteElo "1660"]
[BlackElo "1610"]
[Result "0-1"]
[Round "1"]
1.d4 Ng8f6
2.Ng1f3 g6
3.c4 Bf8g7
4.Nb1c3 O-O
5.e3 d6
6.Bf1d3 Nb8d7
7.O-O e5
8.Bd3c2 exd4
9.Nf3xd4 Nd7b6
10.b3 c5
11.Nd4b5 Nf6e4
12.Bc2xe4 a6
13.Nb5xd6 Bg7xc3
14.Ra1b1 Qd8c7
15.Bc1b2 Bc3g7
16.Nd6xc8 Ra8xc8
17.Qd1f3 Rc8b8
18.Rf1d1 Nb6d7
19.h4 b6
20.h5 f5
21.Be4d5 Kh8
22.h6 Bg7xb2
23.Rb1xb2 Nd7f6
24.Rb2d2 Nf6xd5
25.Qf3xd5 Rb8e8
26.Qd5d7 Qc7xd7
27.Rd2xd7 b5
28.Rd7c7 Re8c8
29.Rd1d7 Rc8xc7
30.Rd7xc7 bxc4
31.bxc4 Kg8
32.Rc7xc5 Rf8e8
33.Rc5c6 Re8a8
34.a4 g5
35.c5 Kf7
36.Rc6c7 Kg6
37.c6 Kxh6
38.g4 fxg4
39.Kg2 Kg6
40.Kg3 h5
41.Rc7d7 Ra8c8
42.c7 a5
43.Rd7d6 Kg7
44.Rd6c6 Kh7
45.Rc6c5 Kg6
46.f4 gxf4
47.exf4 Kh6
48.Kh4 Kg6
49.Rc5g5 Kf6
50.Rg5c5 Kg6
51.f5 Kf6
52.Kxh5 g3
53.Kg4 g2
54.Rc5c6 Kf7
 { time }
0-1

[Event "Fast Game"]
[Site "www.echecsemail.com"]
[Date "2016.08.12"]
[Round "1"]
[White "Cal"]
[Black "Attatroll"]
[WhiteElo "1670"]
[BlackElo "1850"]
[Result "0-1"]
[Round "1"]
1.d4 Ng8f6
2.Nb1c3 g6
3.e4 d6
4.h3 Bf8g7
5.Ng1f3 O-O
6.a3 c6
7.Bc1g5 h6
8.Bf1e2 hxg5
9.Nf3xg5 Nb8d7
10.O-O e5
11.dxe5 Nd7xe5
12.b4 a5
13.f4 Ne5d7
14.Qd1xd6 Nf6e8
15.Rf1f3 Ne8xd6
16.h4 axb4
17.e5 Nd6f5
18.g3 Nf5d4
19.Rf3f2 bxc3
20.Be2d3 Nd7c5
21.Ng5h3 Bc8xh3
22.Bd3c4 Nc5e4
23.Rf2h2 Nd4f3
24.Kh1 Nf3xh2
25.Kxh2 Bh3f5
26.Ra1e1 Qd8d2
27.Re1e2 Qd2xe2
28.Bc4xe2 Rf8d8
29.g4 Rd8d2
{ resign }
0-1

[Event "Tourn. n8903"]
[Site "www.chess-mail.com"]
[Date "2016.08.13"]
[Round "1"]
[White "Ztornad"]
[Black "Cal"]
[WhiteElo "1790"]
[BlackElo "1750"]
[Result "1/2-1/2"]
[Round "1"]
1.e3 d5
2.d4 a6
3.b4 h6
4.Bc1a3 Ng8f6
5.Nb1c3 b5
6.h3 e6
7.Ng1f3 Bc8b7
8.Bf1d3 Nb8c6
9.Qd1d2 Bf8e7
10.Nf3e5 Nc6xe5
11.Bd3f1 Ne5g6
12.Bf1d3 { draw }
1/2-1/2

[Event "Tourn. n8905"]
[Site "www.chess-mail.com"]
[Date "2016.08.13"]
[Round "1"]
[White "Picifarkinca"]
[Black "Jhzes"]
[WhiteElo "1990"]
[BlackElo "1810"]
[Result "0-1"]
[Round "1"]
1.e4 Ng8f6
2.e5 Nf6d5
3.d4 d6
4.exd6 Qd8xd6
5.c3 e5
6.dxe5 Qd6xe5
7.Qd1e2 Qe5xe2
8.Bf1xe2 a6
9.Be2f3 c6
10.Ng1e2 g6
11.O-O Bc8e6
12.Bc1g5 Bf8g7
13.Nb1d2 h6
14.Bf3xd5 Be6xd5
15.Bg5f4 Nb8d7
16.Bf4d6 Bg7e5
17.Bd6a3 O-O-O
18.c4 Bd5e6
19.Ra1c1 c5
20.Nd2e4 b6
21.Rf1d1 f5
22.Ne4d6 Kc7
{ resign }
0-1

[Event "Tourn. n8894"]
[Site "www.chess-mail.com"]
[Date "2016.08.13"]
[Round "1"]
[White "Julian"]
[Black "Sachpat"]
[WhiteElo "2100"]
[BlackElo "2290"]
[Result "0-1"]
[Round "1"]
1.e4 c5
2.Ng1f3 d6
3.Bf1c4 Ng8f6
4.d3 Nb8c6
5.c3 e6
6.Bc4b3 Bf8e7
7.O-O O-O
8.Rf1e1 Qd8c7
9.Nb1d2 b5
10.d4 cxd4
11.cxd4 Bc8b7
12.e5 dxe5
13.dxe5 Nf6d7
14.Nd2e4 Ra8d8
15.Qd1e2 Nd7xe5
16.Nf3xe5 Qc7xe5
17.Bc1d2 Nc6d4
18.Qe2g4 f5
19.Bb3xe6 Qe5xe6
20.Ne4g5 Qe6xe1
21.Ra1xe1 fxg4
22.h4 Be7xg5
23.Bd2xg5 Rf8e8
24.Re1xe8 Rd8xe8
{ resign }
0-1

[Event "Tourn. n8810"]
[Site "www.chess-mail.com"]
[Date "2016.08.13"]
[Round "1"]
[White "Derfel83"]
[Black "Andychesston"]
[WhiteElo "2060"]
[BlackElo "2040"]
[Result "1-0"]
[Round "1"]
1.c4 e5
2.Nb1c3 Ng8f6
3.g3 d5
4.cxd5 Nf6xd5
5.Bf1g2 Bc8e6
6.Ng1f3 Nb8d7
7.O-O Bf8d6
8.d4 O-O
9.dxe5 Nd7xe5
10.Nc3xd5 c6
11.Nd5c3 Qd8c7
12.b3 Ra8d8
13.Qd1c2 f5
14.Nf3g5 Qc7e7
15.Ng5xe6 Qe7xe6
16.Bc1b2 Rd8d7
17.Ra1d1 Rf8d8
18.Bg2h3 g6
19.e4 Ne5f3
20.Kg2 Nf3g5
21.exf5 Qe6f7
22.f4 Ng5xh3
23.fxg6 hxg6
24.Kxh3 Qf7e6
25.Kg2 Rd7h7
26.Kg1 Bd6c5
27.Kg2 Qe6h3
28.Kh1 Rd8f8
29.Nc3e4 Bc5e7
30.Rf1f2 Rh7f7
31.Ne4d6 Be7xd6
32.Rd1xd6 Rf7f5
33.Qc2c4 Kh7
34.Rd6d7 Kh6
35.Bb2g7 Kh5
36.Bg7xf8 Rf5xf8
37.Rd7h7 Kg4
38.Qc4e6 { resign }
1-0

[Event "Tourn. n8895"]
[Site "www.chess-mail.com"]
[Date "2016.08.13"]
[Round "1"]
[White "Cal"]
[Black "Nulladies"]
[WhiteElo "1710"]
[BlackElo "1750"]
[Result "0-1"]
[Round "1"]
1.c4 c5
2.h3 Nb8c6
3.Nb1c3 g6
4.e3 Bf8g7
5.Nc3e4 Ng8f6
6.a3 d5
7.cxd5 Nf6xd5
8.Bf1b5 Bc8d7
9.d4 cxd4
10.Ng1f3 Qd8a5
11.b4 Qa5xb5
12.exd4 O-O
13.Ne4c5 Bd7f5
14.Bc1d2 Nc6xd4
15.Bd2g5 Nd4c2
16.Kd2 Bg7xa1
17.Nf3e5 Ba1xe5
18.f4 Ra8d8
19.Kc1 Nd5e3
20.Qd1f3 Be5d4
21.g4 Bf5d3
22.Rh1h2 f6
23.Nc5e6 Nc2e1
24.Bg5h6 Ne1xf3
25.Rh2f2 Qb5c4
26.Rf2c2 Qc4xc2
{ resign }
0-1

[Event "Tourn. n8917"]
[Site "www.chess-mail.com"]
[Date "2016.08.13"]
[Round "1"]
[White "Madz123456"]
[Black "Guidom"]
[WhiteElo "1940"]
[BlackElo "2030"]
[Result "1-0"]
[Round "1"]
1.e4 e5
2.Ng1f3 Nb8c6
3.Bf1b5 Bf8c5
4.O-O d6
5.c3 Ng8f6
6.d4 exd4
7.cxd4 Bc5b6
8.d5 a6
9.Bb5a4 { resign }
1-0

[Event "Tourn. n8890"]
[Site "www.chess-mail.com"]
[Date "2016.08.13"]
[Round "1"]
[White "Fabos12"]
[Black "Jhzes"]
[WhiteElo "1940"]
[BlackElo "1950"]
[Result "1-0"]
[Round "1"]
1.Ng1f3 d5
2.d4 c6
3.c4 dxc4
4.a4 b5
5.e4 c5
6.axb5 cxd4
7.Bf1xc4 Bc8b7
8.Qd1b3 e6
9.Nf3e5 Qd8c7
10.Ne5xf7 Kxf7
11.Bc4xe6 Ke8
12.Be6xg8 Qc7xc1
13.Ke2 Qc1xh1
14.Qb3f7 Kd8
15.Qf7xf8 Kd7
16.Qf8xg7 Kc8
17.Bg8e6 Kd8
18.Qg7xh8 Kc7
19.Qh8xh7 Kb6
20.Qh7g6 d3
21.Kd2 Kc5
22.Qg6g5 Kb6
23.Qg5e3 Kc7
24.Qe3c5 Kd8
25.b6 Ke8
26.Qc5c7 axb6
27.Ra1xa8 Bb7xa8
28.Nb1c3 Qh1f1
29.Qc7g3 Ba8xe4
30.Qg3g8 Ke7
31.Qg8f7 Kd8
32.Qf7f8 Kc7
33.Qf8c8 Kd6
34.Nc3xe4 Ke5
35.Qc8xb8 Kxe4
36.f3 Kd4
37.Qb8d6 
1-0

[Event "Tourn. n8870"]
[Site "www.chess-mail.com"]
[Date "2016.08.13"]
[Round "1"]
[White "Ztornad"]
[Black "Mitja"]
[WhiteElo "1830"]
[BlackElo "1950"]
[Result "0-1"]
[Round "1"]
1.Ng1f3 d5
2.h3 e6
3.d3 c6
4.Bc1g5 Bf8e7
5.Qd1c1 h6
6.Bg5f4 Nb8a6
7.Nf3d4 Ng8f6
8.e4 dxe4
9.Nd4e2 exd3
10.cxd3 Qd8xd3
11.Ne2c3 Qd3d7
12.Bf1e2 Nf6d5
13.Nc3xd5 Qd7xd5
14.Be2f3 Qd5a5
15.Bf4d2 Qa5e5
16.Bf3e2 O-O
17.Bd2e3 Rf8d8
18.O-O Be7d6
19.Nb1d2 Qe5h2
{ resign }
0-1

[Event "Tourn. n8895"]
[Site "www.chess-mail.com"]
[Date "2016.08.13"]
[Round "1"]
[White "Ranjachess"]
[Black "Cal"]
[WhiteElo "1730"]
[BlackElo "1710"]
[Result "1-0"]
[Round "1"]
1.d4 d5
2.Nb1c3 e6
3.a3 h6
4.e4 dxe4
5.Nc3xe4 Bf8d6
6.Bf1c4 b5
7.Bc4xb5 c6
8.Ne4xd6 Qd8xd6
9.Qd1f3 Bc8b7
10.Bb5a4 Ng8f6
11.Bc1f4 Qd6xd4
12.Bf4xb8 Ra8xb8
13.Ba4xc6 Bb7xc6
14.Qf3xc6 Nf6d7
15.Ra1d1 Qd4e5
16.Ng1e2 Qe5a5
17.b4 Qa5xa3
18.Qc6xd7 Kf8
19.Qd7d6 Kg8
20.Qd6xb8 Kh7
21.Qb8f4 f6
22.c3 Rh8c8
23.O-O a5
24.Rd1a1 Qa3b2
25.Qf4e4 Kh8
26.Qe4xe6 Rc8g8
27.Ra1xa5 Qb2d2
28.Rf1a1 Qd2d3
29.Ra5d5 Qd3c2
30.Ra1d1 h5
31.g3 Rg8f8
32.Rd5d8 Rf8xd8
33.Rd1xd8 Kh7
34.Ne2f4 Kh6
35.Rd8h8 Kg5
36.h4 
1-0

[Event "Tourn. n8805"]
[Site "www.chess-mail.com"]
[Date "2016.08.13"]
[Round "1"]
[White "Hundegana"]
[Black "Julian"]
[WhiteElo "1980"]
[BlackElo "2070"]
[Result "1-0"]
[Round "1"]
1.f4 d6
2.g3 Ng8f6
3.Bf1g2 c6
4.d3 Qd8c7
5.Ng1f3 Nb8d7
6.O-O e5
7.c4 g6
8.fxe5 dxe5
9.e4 Bf8g7
10.h3 O-O
11.b3 Rf8d8
12.Nb1c3 Nf6h5
13.Kh2 Nd7f8
14.Ra1b1 f5
15.Bc1e3 f4
16.g4 Nh5g3
17.Be3f2 Nf8e6
18.Bf2xg3 fxg3
19.Kxg3 Ne6f4
20.Bg2h1 Rd8xd3
21.Qd1c2 Qc7d6
22.Rb1d1 Rd3xd1
23.Rf1xd1 Qd6f8
24.Nc3e2 Bc8e6
25.Ne2xf4 Qf8xf4
26.Kf2 Ra8f8
27.Qc2d2 Qf4xe4
28.Rd1e1 Qe4f4
29.Qd2xf4 Rf8xf4
30.Kg3 Bg7h6
31.Re1xe5 Kf7
32.g5 Rf4xf3
33.Bh1xf3 Bh6g7
34.Re5e2 Bg7f8
35.h4 Bf8d6
36.Kg2 a5
37.Re2d2 Bd6b4
38.Rd2d8 Kg7
39.Rd8b8 b5
40.cxb5 cxb5
41.Rb8xb5 Be6g8
42.Rb5b7 Kf8
43.Rb7b8 Kg7
44.Rb8b7 Kf8
45.Rb7b8 Kg7
46.Rb8b7 Kf8
47.Rb7b8 Kg7
48.h5 gxh5
49.Bf3xh5 Bg8d5
50.Bh5f3 Bd5e6
51.Bf3e4 h6
52.gxh6 Kxh6
53.Rb8b6 Kg5
54.Rb6xe6 Kf4
55.Be4b1 { resign }
1-0

[Event "Tourn. n8881"]
[Site "www.chess-mail.com"]
[Date "2016.08.13"]
[Round "1"]
[White "Picifarkinca"]
[Black "Jhzes"]
[WhiteElo "1990"]
[BlackElo "1870"]
[Result "1-0"]
[Round "1"]
1.e4 e5
2.f4 d5
3.exd5 exf4
4.Qd1f3 Bf8d6
5.c4 h5
6.Nb1c3 Bc8g4
7.Qf3e4 Kd7
8.d4 Qd8h4
9.Kd2 Qh4f2
10.Ng1e2 Ng8f6
11.Qe4d3 f3
12.gxf3 Bg4xf3
13.Nc3d1 Qf2h4
14.Qd3xf3 Rh8e8
15.Bf1h3 Kd8
16.c5 Bd6e7
17.Qf3f5 Nb8d7
18.c6 bxc6
19.dxc6 Nd7b6
20.Kc2 Nb6d5
21.Bc1g5 Nd5b4
22.Kc1 Qh4e4
23.Qf5xe4 Nf6xe4
24.Bg5xe7 Re8xe7
25.Bh3d7 Nb4d3
26.Kc2 Nd3b4
27.Kc1 Ne4f2
28.Nd1c3 Nf2xh1
29.Kd2 Nh1f2
30.Ra1f1 Nf2d3
31.a3 Nd3xb2
32.axb4 Nb2c4
33.Kd3 Nc4e3
34.Rf1g1 g6
35.Nc3e4 Ne3d5
36.Ne4c5 Nd5xb4
37.Kd2 a5
38.Nc5b7 
1-0

[Event "Tourn. n8900"]
[Site "www.chess-mail.com"]
[Date "2016.08.13"]
[Round "1"]
[White "Faerieking"]
[Black "Rons"]
[WhiteElo "2230"]
[BlackElo "2530"]
[Result "0-1"]
[Round "1"]
1.e4 c5
2.Ng1f3 d6
3.Nb1c3 Nb8c6
4.d4 cxd4
5.Nf3xd4 Ng8f6
6.Bf1c4 e6
7.Bc4b3 Bf8e7
8.Bc1e3 O-O
9.Qd1e2 a6
10.O-O-O Qd8c7
11.f4 Nc6xd4
12.Be3xd4 e5
13.fxe5 dxe5
14.Bd4e3 Bc8g4
{ resign }
0-1

[Event "Tourn. n8866"]
[Site "www.chess-mail.com"]
[Date "2016.08.13"]
[Round "1"]
[White "Picifarkinca"]
[Black "Viru"]
[WhiteElo "1960"]
[BlackElo "1920"]
[Result "1-0"]
[Round "1"]
1.Ng1f3 d6
2.b4 e5
3.Bc1b2 Ng8f6
4.d3 h6
5.c4 Nb8a6
6.a3 c5
7.e3 cxb4
8.axb4 Na6xb4
9.Qd1a4 Nb4c6
10.d4 Bc8d7
11.d5 Nc6d4
12.Qa4d1 Nd4xf3
13.gxf3 Bf8e7
14.Rh1g1 g5
15.e4 Qd8b6
16.Qd1d2 O-O
17.h4 Nf6h5
18.Nb1c3  { time }
1-0

[Event "Match"]
[Site "www.echecsemail.com"]
[Date "2016.08.13"]
[Round "1"]
[White "Darknight"]
[Black "Ditto"]
[WhiteElo "1710"]
[BlackElo "1760"]
[Result "1-0"]
[Round "1"]
1.e4 e5
2.Ng1f3 Nb8c6
3.c3 Bf8c5
4.a3 Ng8f6
5.d3 O-O
6.h3 d6
7.Bc1g5 Bc8e6
8.Nb1d2 Nc6b8
9.Bf1e2 Nb8d7
10.Qd1c2 c6
11.O-O-O Bc5xf2
12.Rd1f1 Bf2b6
13.g4 Qd8c8
14.Bg5xf6 Nd7xf6
15.Kb1 Bb6e3
16.Qc2d1 b5
17.Qd1e1 Ra8b8
18.Qe1g3 a5
19.Be2d1 b4
20.cxb4 axb4
21.a4 c5
22.b3 Qc8a6
23.Bd1c2 Be3f4
24.Qg3g2 Nf6d7
25.g5 d5
26.h4 dxe4
27.Nd2xe4 Nd7b6
28.Ne4xc5 Qa6c8
29.Nc5e4 Nb6d5
30.Rf1f2 Nd5e3
31.Qg2g1 Ne3d5
32.Ne4f6 Nd5xf6
33.gxf6 g6
34.Nf3g5 Be6f5
35.h5 Bf4e3
36.hxg6 Bf5xg6
37.Rh1xh7 Be3xf2
38.Rh7g7 { resign }
1-0

[Event "Match"]
[Site "www.echecsemail.com"]
[Date "2016.08.13"]
[Round "1"]
[White "Cal"]
[Black "Sonny1000"]
[WhiteElo "1780"]
[BlackElo "1480"]
[Result "1-0"]
[Round "1"]
1.c4 Nb8c6
2.Ng1f3 h6
3.d4 Nc6b4
4.a3 e6
5.Nb1c3 Qd8f6
6.axb4 Bf8xb4
7.e3 Ng8e7
8.Bc1d2 h5
9.h3 c6
10.Bf1d3 a6
11.Nc3e4 Bb4xd2
12.Qd1xd2 O-O
13.O-O Ne7f5
14.Ne4xf6 gxf6
15.Bd3xf5 exf5
16.Nf3h4 Kg7
17.Nh4xf5 Kh7
18.e4 Rf8g8
19.Qd2h6 { resign }
1-0

[Event "Match"]
[Site "www.echecsemail.com"]
[Date "2016.08.13"]
[Round "1"]
[White "Coraza"]
[Black "Krystek23"]
[WhiteElo "1680"]
[BlackElo "2170"]
[Result "0-1"]
[Round "1"]
1.e4 c5
2.d4 cxd4
3.Bf1b5 Qd8a5
4.Qd1d2 Qa5xb5
5.Ng1f3 Nb8c6
6.Nb1a3 Qb5c5
7.O-O e5
8.Qd2d3 Qc5b6
9.Na3c4 Qb6c7
10.a3 Ng8f6
11.Bc1g5 Bf8e7
12.Rf1b1 d6
13.b4 Bc8e6
14.Nc4d2 Nc6d8
15.Qd3b5 Nd8c6
16.Bg5xf6 Be7xf6
17.Qb5a4 O-O
18.b5 Nc6b8
19.b6 Qc7d7
20.Qa4a5 a6
21.c3 Nb8c6
22.Qa5a4 dxc3
23.Nd2f1 d5
24.Qa4c2 d4
25.Rb1d1 Bf6e7
26.Nf1g3 Nc6a5
27.Nf3xe5 Qd7c7
28.bxc7 Ra8c8
29.Rd1xd4 Na5b3
30.Qc2xc3 Nb3xa1
31.Qc3xa1 Rc8xc7
32.h3 Be7f6
33.f4 Rf8c8
34.Kh2 Rc7c2
35.Qa1d1 g6
36.Rd4d2 Rc2c1
37.Qd1e2 Rc8c3
38.Ne5f3 Bf6e7
39.f5 Be6c4
40.Qe2f2 b5
41.fxg6 hxg6
42.e5 Bc4e6
43.Ng3e4 Rc3c4
44.Rd2d4 Rc4c2
45.Qf2e3 Kg7
46.Nf3e1 Rc2c6
47.Ne1d3 Rc1c4
48.Rd4xc4 Rc6xc4
49.Nd3b2 Rc4c2
50.Nb2d1 Rc2a2
51.Qe3a7 Be7xa3
52.Ne4c3 Ra2d2
53.Qa7xa6 b4
54.Qa6f1 bxc3
55.Nd1xc3 Ba3b2
56.Nc3e4 Rd2d5
57.Qf1f6 Kg8
58.Qf6e7 Bb2xe5
59.Kg1 Rd5d1
60.Kf2 Rd1d3
61.Ne4c5 Be5d4
62.Ke2 Rd3e3
63.Kd2 Bd4xc5
64.Qe7xc5 Re3g3
65.Ke1 Rg3xg2
66.Qc5c6 Rg2h2
67.h4 Rh2xh4
68.Qc6d6 Rh4c4
69.Qd6b8 Rc4c8
70.Qb8b7 Rc8c5
71.Qb7b4 Rc5f5
72.Kd2 g5
73.Ke2 Kh7
74.Ke3 g4
75.Qb4b1 g3
76.Qb1h1 Kg6
77.Qh1h8 f6
78.Qh8e8 Be6f7
79.Qe8e4 Bf7d5
80.Qe4e8 Kg5
81.Qe8b8 Rf5e5
82.Kd4 g2
83.Qb8b1 Bd5f3
84.Qb1g1 Re5d5
85.Ke3 Rd5d1
86.Qg1f2 g1Q
87.Qf2xg1 Rd1xg1
88.Kxf3 f5
89.Kf2 Rg1g4
90.Kf3 f4
91.Kf2 Rg4g3
92.Ke2 Kg4
93.Kf2 f3
94.Kf1 Rg3g2
95.Ke1 Kg3
96.Kf1 Rg2h2
97.Kg1 f2
98.Kf1 Rh2h1
{ resign }
0-1

[Event "Match"]
[Site "www.echecsemail.com"]
[Date "2016.08.13"]
[Round "1"]
[White "Pinehill"]
[Black "Canario"]
[WhiteElo "2060"]
[BlackElo "1860"]
[Result "1/2-1/2"]
[Round "1"]
1.e4 e5
2.d4 exd4
3.Bf1c4 Nb8c6
4.Ng1f3 Bf8c5
5.O-O d6
6.c3 Bc8g4
7.Bc4xf7 Kxf7
8.Nf3g5 Ke8
9.Qd1xg4 Ng8f6
10.Qg4e6 Qd8e7
11.cxd4 Bc5xd4
12.Nb1c3 Bd4xc3
13.bxc3 Qe7xe6
14.Ng5xe6 Kd7
15.Ne6xg7 Nf6xe4
16.Bc1b2 Rh8g8
17.c4 Ne4d2
18.Ng7h5 Nd2xf1
19.Nh5f6 Ke6
20.Nf6xg8 Ra8xg8
21.Kxf1 Nc6b4
22.Ra1e1 Kd7
23.a3 Nb4d3
24.Re1e2 Rg8g4
25.Re2c2 Nd3xb2
26.Rc2xb2 b6
27.Rb2c2 Rg4e4
28.f3 Re4e3
29.Kf2 Re3xa3
30.g4 Ra3a5
31.h4 Ra5e5
32.Kg3 a5
33.Rc2c3 Ke6
34.f4 Re5c5
35.f5 Kf6
36.Kf4 a4
37.g5 Kf7
38.h5 Rc5a5
39.Rc3a3 c6
40.g6 hxg6
41.hxg6 Kf6
42.Kg4 b5
43.Ra3e3 a3
44.Re3e6 Kg7
45.Re6e7 Kf6
46.Re7f7 Ke5
47.g7 a2
48.g8Q a1Q
49.Qg8g7 Ke4
50.Rf7e7 Kd3
51.Qg7xa1 Ra5xa1
52.cxb5 cxb5
53.f6 Ra1f1
54.f7 b4
55.Re7b7 Kc3
56.Kg5 b3
57.Kg6 b2
58.Kg7 Kc2
59.Rb7c7 Kd3
60.Rc7b7 Kc2
61.Rb7c7 Kd3
62.Rc7b7 Kc2
63.Rb7c7 Kd3
{ draw }
1/2-1/2

[Event "Match"]
[Site "www.echecsemail.com"]
[Date "2016.08.13"]
[Round "1"]
[White "Sundar"]
[Black "Pinehill"]
[WhiteElo "1929"]
[BlackElo "2020"]
[Result "1-0"]
[Round "1"]
1.d4 Ng8f6
2.c4 e6
3.Ng1f3 Bf8b4
4.Nb1d2 O-O
5.e3 d5
6.a3 Bb4xd2
7.Qd1xd2 c6
8.b3 Nb8d7
9.Bc1b2 Nf6e4
10.Qd2c2 f5
11.Bf1d3 Nd7f6
12.Ra1c1 Nf6g4
13.Bd3xe4 fxe4
14.h3 Ng4xe3
15.fxe3 exf3
16.O-O Qd8g5
17.Qc2f2 Bc8d7
18.Rc1c2 fxg2
19.Qf2xg2 Qg5xe3
20.Rc2f2 Qe3xb3
21.c5 Qb3e3
22.Bb2c1 Qe3xd4
23.Bc1b2 Rf8xf2
24.Rf1xf2 Qd4d1
25.Rf2f1 { resign }
1-0

[Event "Match"]
[Site "www.echecsemail.com"]
[Date "2016.08.13"]
[Round "1"]
[White "Sonny1000"]
[Black "Nulladies"]
[WhiteElo "1480"]
[BlackElo "1750"]
[Result "0-1"]
[Round "1"]
1.e4 c5
2.Ng1f3 g6
3.e5 f6
4.Bf1c4 Nb8c6
5.c3 d5
6.Bc4b3 Bf8g7
7.d3 fxe5
8.Bc1e3 b6
9.h4 Bc8f5
10.Nf3g5 h6
11.h5 hxg5
12.Bb3xd5 Qd8xd5
13.Rh1h2 O-O-O
14.Be3xg5 e4
15.dxe4 Qd5xd1
{ resign }
0-1

[Event "Match"]
[Site "www.echecsemail.com"]
[Date "2016.08.13"]
[Round "1"]
[White "Ranjachess"]
[Black "Rindrandria"]
[WhiteElo "1710"]
[BlackElo "1680"]
[Result "0-1"]
[Round "1"]
1.Nb1c3 e6
2.d4 g5
3.e3 h5
4.Bf1d3 f5
5.Ng1e2 h4
6.g4 h3
7.gxf5 b6
8.fxe6 dxe6
9.Bd3g6 Kd7
10.d5 e5
11.e4 Qd8f6
12.Bg6f5 Ke8
13.Bf5xc8 Bf8c5
14.Bc1e3 Nb8d7
15.Bc8b7 Ra8b8
16.Bb7c6 Ng8h6
17.Ne2g3 Rh8f8
18.Qd1d2 Nh6g4
19.Ng3f5 Qf6h8
20.Be3xc5 bxc5
21.Qd2xg5 Ng4f6
22.d6 Rf8g8
23.dxc7 Rb8c8
24.Nf5d6 Kf8
25.Qg5d2 Rc8xc7
26.Bc6d5 Rg8g2
27.O-O-O a6
28.Bd5e6 Rc7c6
29.Be6xd7 Nf6xd7
30.Nd6f7 Qh8f6
31.Rh1f1 Qf6xf7
32.Qd2d3 Rg2xh2
33.Qd3g3 Rh2g2
34.Qg3xh3 Qf7f4
35.Kb1 Rg2xf2
36.Qh3h8 Ke7
37.Qh8g7 Qf4f7
38.Qg7g1 Rc6f6
39.Nc3d5 Ke8
40.Nd5xf6 Rf2xf6
41.Rf1xf6 Qf7xf6
42.Rd1f1 Qf6e6
43.b3 c4
44.b4 Nd7b6
45.Qg1c5 Nb6d7
46.Qc5c7 Qe6h3
47.Qc7c8 Ke7
48.Rf1f8 Qh3h1
49.Kb2 Nd7xf8
50.Qc8xc4 Nf8e6
51.a4 Ne6d4
52.b5 axb5
53.axb5 Qh1xe4
54.c3 Qe4c2
55.Ka3 Nd4xb5
56.Kb4 Nb5d6
57.Qc4c5 Ke6
58.Ka5 Nd6b7
59.Kb5 Nb7xc5
60.Kxc5 Qc2xc3
61.Kb6 Kd6
62.Ka7 Kc6
63.Ka8 Qc3b4
64.Ka7 Qb4b7

0-1

[Event "Match"]
[Site "www.echecsemail.com"]
[Date "2016.08.13"]
[Round "1"]
[White "Drawlward"]
[Black "Pare123"]
[WhiteElo "1809"]
[BlackElo "1930"]
[Result "1-0"]
[Round "1"]
1.e4 e6
2.d4 d5
3.Nb1c3 Bf8b4
4.e5 Bb4xc3
5.bxc3 h6
6.Qd1g4 g6
7.Bf1d3 Ng8e7
8.Ng1f3 Nb8c6
9.O-O Bc8d7
10.Qg4h3 Ne7f5
11.Bc1g5 Nc6e7
12.Bg5f6 Rh8h7
13.Nf3g5 Rh7g7
14.Bf6xg7 Nf5xg7
15.Qh3xh6 Ne7f5
16.Bd3xf5 Qd8e7
17.Qh6h8 Qe7f8
18.Qh8xf8 Kxf8
19.Bf5d3 Ke7
20.c4 c6
21.Rf1b1 b6
22.a4 Ra8h8
23.a5 dxc4
24.Bd3xc4 b5
25.Bc4d3 a6
26.c4 Ng7h5
27.g3 f5
28.cxb5 cxb5
29.Rb1c1 Rh8b8
30.Rc1c7 Kd8
31.Rc7a7 Bd7c8
32.Ng5f7 Ke8
33.Nf7d6 Kd8
34.Ra1c1 { resign }
1-0

[Event "Tourn. n8894"]
[Site "www.chess-mail.com"]
[Date "2016.08.14"]
[Round "1"]
[White "Drawlward"]
[Black "Sachpat"]
[WhiteElo "2009"]
[BlackElo "2290"]
[Result "1/2-1/2"]
[Round "1"]
1.e4 c5
2.Ng1f3 d6
3.d4 cxd4
4.Nf3xd4 Ng8f6
5.Nb1c3 a6
6.Bc1g5 e6
7.f4 Qd8b6
8.Qd1d2 Qb6xb2
9.Ra1b1 Qb2a3
10.e5 dxe5
11.fxe5 Nf6d7
12.Nc3e4 Qa3xa2
13.Rb1d1 h6
14.Bg5h4 Qa2d5
15.Qd2e3 Qd5xe5
16.Bf1e2 Bf8c5
17.Bh4g3 Bc5xd4
18.Rd1xd4 Qe5a5
19.Rd4d2 O-O
20.Bg3d6 Rf8d8
21.g4 Nb8c6
22.g5 hxg5
23.Rh1g1 Nd7f6
24.Rg1xg5 Qa5a1
25.Rd2d1 Qa1xd1
26.Be2xd1 Nf6xe4
27.Qe3xe4 Rd8xd6
28.h4 Bc8d7
29.Qe4g2 g6
30.h5 Bd7e8
31.hxg6 fxg6
32.Rg5xg6 Be8xg6
33.Qg2xg6 Kf8
34.Qg6f6 Kg8
35.Qf6g6 { draw }
1/2-1/2

[Event "Tourn. n8894"]
[Site "www.chess-mail.com"]
[Date "2016.08.14"]
[Round "1"]
[White "Julian"]
[Black "Drawlward"]
[WhiteElo "2100"]
[BlackElo "2009"]
[Result "0-1"]
[Round "1"]
1.e4 c5
2.Ng1f3 d6
3.Bf1c4 e6
4.c3 Ng8f6
5.e5 dxe5
6.Nf3xe5 Bf8d6
7.d4 cxd4
8.cxd4 Bd6xe5
9.dxe5 Qd8xd1
10.Kxd1 Nf6g4
11.Bc1e3 Ng4xe3
12.fxe3 Nb8d7
13.Bc4b5 O-O
14.Nb1c3 Nd7xe5
15.Ke2 a6
16.Bb5a4 b5
17.Ba4c2 Bc8b7
18.e4 Rf8d8
19.Ra1d1 Kf8
20.a3 Ne5c4
21.Rd1xd8 Ra8xd8
22.Rh1d1 Rd8c8
23.Rd1d7 Nc4xb2
24.Kd2 Nb2c4
25.Ke2 Nc4e5
26.Kd2 Ne5xd7
{ resign }
0-1

[Event "Tourn. n8793"]
[Site "www.chess-mail.com"]
[Date "2016.08.14"]
[Round "1"]
[White "Nimzo"]
[Black "Romaamor69"]
[WhiteElo "2840"]
[BlackElo "2230"]
[Result "1-0"]
[Round "1"]
1.d4 e6
2.c4 Bf8b4
3.Bc1d2 Bb4xd2
4.Qd1xd2 Ng8f6
5.g3 O-O
6.Bf1g2 d5
7.Ng1f3 Nb8d7
8.O-O Qd8e7
9.Rf1c1 dxc4
10.Rc1xc4 c6
11.b3 e5
12.dxe5 Nd7xe5
13.Nf3xe5 Qe7xe5
14.Nb1c3 Bc8e6
15.Rc4d4 Rf8e8
16.Ra1d1 Ra8c8
17.h3 b5
18.g4 Qe5b8
19.e4 b4
20.Nc3e2 c5
21.Rd4d6 c4
22.bxc4 Be6xc4
23.Ne2g3 Re8e6
24.Rd6d4 Nf6e8
25.Rd1c1 b3
26.axb3 Bc4xb3
27.Rc1xc8 Qb8xc8
28.Rd4d8 Qc8c5
29.Ng3f5 Qc5c2
30.Qd2d4 { resign }
1-0

[Event "Tourn. n8917"]
[Site "www.chess-mail.com"]
[Date "2016.08.14"]
[Round "1"]
[White "Guidom"]
[Black "Bojan"]
[WhiteElo "2030"]
[BlackElo "1890"]
[Result "1-0"]
[Round "1"]
1.e4 e5
2.Ng1f3 Nb8c6
3.Bf1b5 d6
4.O-O Bc8d7
5.d3 a6
6.Bb5a4 b5
7.Ba4b3 Nc6a5
8.Nb1c3 c6
9.Bc1e3 h6
10.d4 Na5xb3
11.axb3 Bf8e7
12.dxe5 Bd7g4
13.exd6 Be7xd6
14.h3 Bg4h5
15.Qd1e2 Qd8c7
16.Be3d4 f6
17.Rf1d1 Ng8e7
18.Bd4e3 O-O
19.g4 Bh5f7
20.Nf3d4 Ne7g6
21.Nd4f5 Bd6h2
22.Kh1 Rf8e8
23.f3 Bh2g3
24.Rd1d3 Ng6f4
25.Be3xf4 Bg3xf4
26.Ra1d1 Bf7e6
27.Qe2f2 Kh7
28.Nf5d4 Be6f7
29.Nc3e2 Bf4e5
30.f4 Be5d6
31.Nd4f5 Bd6xf4
32.Qf2xf4 Qc7b6
33.Rd3d7 Bf7e6
34.Rd7xg7 Kh8
35.Qf4xh6 { resign }
1-0

[Event "Tourn. n8803"]
[Site "www.chess-mail.com"]
[Date "2016.08.14"]
[Round "1"]
[White "Rons"]
[Black "Szustan"]
[WhiteElo "2550"]
[BlackElo "2590"]
[Result "0-1"]
[Round "1"]
1.e4 e5
2.Ng1f3 Nb8c6
3.Bf1b5 a6
4.Bb5a4 Ng8f6
5.O-O Nf6xe4
6.d4 b5
7.Ba4b3 d5
8.dxe5 Bc8e6
9.Nb1d2 Bf8e7
10.c3 O-O
11.Bb3c2 Ne4xd2
12.Qd1xd2 Qd8d7
13.Qd2d3 g6
14.Rf1e1 Be6f5
15.Qd3d1 Bf5xc2
16.Qd1xc2 Nc6d8
17.Bc1h6 Rf8e8
18.Ra1d1 Nd8e6
19.h4 c5
20.h5 Ra8d8
21.Rd1d3 Qd7b7
22.a3 c4
23.Rd3d1 Be7c5
24.Bh6e3 Bc5xe3
25.Re1xe3 Qb7e7
26.Nf3d4 Qe7g5
27.hxg6 hxg6
28.Qc2d2 Ne6f4
29.g3 Qg5g4
30.Rd1e1 Kg7
31.Qd2d1 Qg4xd1
32.Re1xd1 Nf4d3
33.b4 Re8xe5
34.Re3xd3 cxd3
35.Nd4c6 Rd8e8
36.Nc6xe5 Re8xe5
37.Rd1xd3 Kf6
38.Kf1 Ke6
39.f4 Re5e4
40.Kf2 Kd6
41.Rd3e3 a5
42.Re3xe4 dxe4
43.bxa5 f5
44.Ke3 Kc5
{ resign }
0-1